000 00286nam a2200121Ia 4500
008 190216s9999||||xx |||||||||||||| ||und||
100 _aJames S Pickering
245 0 _aCaptives Of The Sun
260 _bSterling Publications
_c1962
300 _a326p
650 _aPhysics
942 _cBK
999 _c32764
_d32764